Oddly Shaped Foods Quiz Stats

 Plays Quiz Updated Jun 13, 2013

Also try: Foods That Are Red
Challenge
Share
Tweet
Score 0/15 Timer 03:00
6 Plays Today
Column % Correct
Apple
99.2%
Carrot
98.3%
Strawberry
97.5%
Peach
96.7%
Tomato
96.3%
Squash
95.2%
Watermelon
93.5%
Potato
91.9%
Column % Correct
Peanut
90.3%
Eggplant
89.3%
Mushroom
89.2%
Egg
85.8%
Bread
82.5%
Zucchini
78.1%
Popcorn
60%

You're not logged in!

Compare scores with friends on all Sporcle quizzes.
Join for Free
OR
Log In

You Might Also Like...

Show Comments

Extras

Top Quizzes Today


Score Distribution

Your Account Isn't Verified!

In order to create a playlist on Sporcle, you need to verify the email address you used during registration. Go to your Sporcle Settings to finish the process.

Report this User

Report this user for behavior that violates our Community Guidelines.

Details: